000 00627nam a2200205 a 4500
001 BRCA_7663
005 20190320205932.0
008 260713s1955----u--ac#####---#000-0#eng-#
041 _aeng
044 _au
050 4 _aND673
_b.L48 1955
245 1 0 _aThe letters of Peter Paul Rubens
_ctranslated and edited by Ruth Saunders Magurn.
260 _aCambridge
_bHarvard University
_c1955
300 _axiv, 528 p.
_bil., retratos
_c25 cm.
500 _aT83
600 1 4 _aRubens, Peter Paul
_d1577-1640
_xCorrespondencia, memorias, etc.
_918905
700 1 _aMagurn, Ruth Saunders
_eed.
_918906
902 _aGFM
942 _2lcc
_cB
999 _c7337
_d7337